LEADER 01981cam0-22003851i-450- 001 990007028680403321 005 20161012113039.0 035 $a000702868 035 $aFED01000702868 035 $a(Aleph)000702868FED01 035 $a000702868 100 $a20020114g18181819km-y0itay50------ba 101 0 $aita 140 $aa-------------------bb0----- 200 1 $aNuovo prospetto delle scienze economiche ossia somma totale delle idee teoriche e pratiche in ogni ramo d'amministrazione privata e pubblica, divise in altrettante classi, unite in sistema ragionato e generale da Melchiorre Gioja autore delle tavole statistiche. Tomo settimo [-ottavo]. Seconda serie Trattati pratici. 210 $aMilano$cpresso Gio. Pirotta in Santa Radegonda$d1818-1819 215 $a2 v.$d4° 300 $aTit. generale dagli occhietti 300 $aLa numerazione dei tomi prosegue quella della prima serie 300 $aIl tomo ottavo presenta come falso luogo di stampa Filadelfia 327 1 $a7.: Del merito e delle ricompense trattato storico e filosofico di Melchiorre Gioja ... Tomo primo$a8.: Del merito e delle ricompense trattato storico e filosofico di Melchiorre Gioja ... Tomo secondo ed ultimo 422 0$1001000981429 620 $aItalia.$dMilano 676 $a330.1$v20$zita 700 1$aGioia,$bMelchiorre$f<1767-1829>$0145170 719 00$aPirotta,$bGiovanni$4650 801 0$aIT$bUNINA$gRICA$2UNIMARC 901 $aAQ 912 $a990007028680403321 952 $aXV B 105 (7)$b4268$fFGBC 952 $aXV B 105 (8)$b4268$fFGBC 952 $aLEGATO FIORE XI 10 (1-2)$b9954$fFGBC 959 $aFGBC 996 $aNuovo prospetto delle scienze economiche ossia somma totale delle idee teoriche e pratiche in ogni ramo d'amministrazione privata e pubblica, divise in altrettante classi, unite in sistema ragionato e generale da Melchiorre Gioja autore delle tavole statistiche. Tomo settimo . Seconda serie Trattati pratici .$9697768 997 $aUNINA